00722 2200265 4500001002100000005001700021008004100038020002200079035002500101040001200126082002100138084002100159090002100180100001700201245005100218250001100269260002900280300004100309650002700350700001600377850001200393990001700405990001700422990001700439INLIS00000000000065220141127132101.0  a978-979-168-298-5 a0010-111400000000011 aYOPDYOG aCoE 899.22 Jas C aCoE 899.22 Jas C aCoE 899.22 Jas C aJASSIN, H.B. aChairil Anwar pelopor angkatan 45cH.B. Jassin aCet. 1 aYogyakartabNarasic2013 avi, 240 hlm.bilus.c20 cm. [3 eks.] aKesusastraan Indonesia aOyon Sofyan aYOPDYOG a2919-PD/B.14 a2920-PD/B.14 a2921-PD/B.14